Los Contemporáneos en el laberinto de la crítica /

Saved in:
Bibliographic Details
Main Author: Olea Franco, Rafael (edición)
Other Authors: Stanton, Anthony (edición) (edición)
Format: Book
Language:Español
Published: México : El Colegio de México, 1994, c1994
Series:(Literatura Mexicana Cátedra Jaime Torres Bodet ; 2)
Subjects:
Tags: Add Tag
No Tags, Be the first to tag this record!

MARC

LEADER 00000nam^a2200000^a^4500
001 000378386
005 20250521000000.0
009 20260310120448.611
020 |a 968-12-0559-6 
037 |a Acervo ITESO - Biblioteca 
041 |a ESP 
082 |a 860. 97206  |b OLE 
100 |a Olea Franco, Rafael  |e (edición) 
245 1 4 |a Los Contemporáneos en el laberinto de la crítica /  |c Ed. de R. Olea Franco, A. Stanton. 
264 4 |a México :  |b El Colegio de México,  |c 1994, c1994 
300 |a XV, 461 p. 
336 |a texto  |b txt  |2 rdacontenido 
337 |a sin mediación  |b n  |2 rdamedio 
338 |a volumen  |b nc  |2 rdasoporte 
440 1 |a (Literatura Mexicana Cátedra Jaime Torres Bodet ;  |v 2) 
649 |a XX 
650 |a Escritores Mexicanos 
650 |a Poesía Mexicana -  |x Historia y Crítica 
650 |a Novela Mexicana -  |x Historia y Crítica 
650 |a Ensayos Mexicanos -  |x Historia y Crítica 
650 |a Contemporáneos (Literatura Mexicana) -  |x Historia y Crítica -  |x Tema Principal 
650 |a Literatura Mexicana -  |x Historia y Crítica 
650 |a Literatura Mexicana -  |y Siglo XX 
650 |a Torres Bodet, Jaime 
650 |a Pellicer, Carlos 
650 |a Villaurrutia, Xavier 
650 |a Ortiz de Montellano, Bernardo 
650 |a Cuesta, Jorge 
650 |a Novo, Salvador 
650 |a Gorostiza, José 
650 |a Owen, Gilberto 
650 |a Reyes, Alfonso 
650 |a Díaz Mirón, Salvador 
650 |a González Martínez, Enrique 
650 |a García Maroto, Gabriel 
700 |a Stanton, Anthony  |e (edición) 
910 |a Fondo General 
920 |a Impresos - Libros 
930 |a Colección General 
940 |a Literatura 
905 |a 101 
901 |a 0398430100  |b IT1  |c LIT  |u 20250521 
902 |a https://opac.biblio.iteso.mx/vufind/Record/000378386